| 000 | 00544nam a22001937a 4500 | ||
|---|---|---|---|
| 005 | 20240314122652.0 | ||
| 008 | 240314b |||||||| |||| 00| 0 eng d | ||
| 020 | _a9780521135177 | ||
| 082 |
_a507.24 _bCHE-L |
||
| 100 | _aCheesbrough, Monica | ||
| 245 |
_aDistrict Laboratory Practice in Tropical Countries / _cMonica,Cheesbrough |
||
| 250 | _a2nd ed. | ||
| 260 |
_aIndia : _bCambridge ; _c2009. |
||
| 300 |
_avi ;454p. : _bill : _c24 cm. |
||
| 490 | _aPart 1. | ||
| 500 | _aInclude Index . | ||
| 650 | _aMedical / Pathology | ||
| 999 |
_c35372 _d35372 |
||